[Event "16th Capablanca Memorial group A"]
[Site "Cienfuegos CUB"]
[Date "1980.05.20"]
[Round "1"]
[White "Lebredo Zarragoitia, Gerardo"]
[Black "Fernandez Gonzalez, Juan Carlos"]
[Result "0-1"]
[WhiteElo "2355"]
[BlackElo "2390"]
[EventDate "1980.05.20"]
[PlyCount "95"]

1.d4 Nf6 2.Bg5 g6 3.Bxf6 exf6 4.e3 Bg7 5.Nd2 f5 6.Qf3 Nc6 7.c3 b6 8.Bd3 
Bb7 9.Qg3 Bf6 10.h4 Ne7 11.Ne2 d6 12.O-O-O Qd7 13.f3 O-O-O 14.e4 h6 15.Qf2
Bg7 16.Ng3 fxe4 17.fxe4 Rhf8 18.Rhf1 h5 19.Kb1 Kb8 20.Qf4 Ng8 21.Nc4 Qe7 
22.Rh1 Bh6 23.Qf2 Nf6 24.Rde1 Ng4 25.Qc2 Bg7 26.Ne3 Nxe3 27.Rxe3 Bf6 28.e5
Bxh4 29.Ne4 dxe5 30.dxe5 Bg5 31.Nxg5 Qxg5 32.Re2 Rd5 33.e6 fxe6 34.Bxg6 
Rfd8 35.Bxh5 Rd2 36.Rxd2 Rxd2 37.Qc1 Qxg2 38.Re1 Be4+ 39.Ka1 Rc2 40.Qb1 
Qd2 41.Rg1 Qh2 42.Re1 Bf5 43.Qd1 Rxb2 44.Qa4 Rf2 45.Be8 Qg3 46.Qd4 Qg2 47.
Qc4 Be4 48.Qxe6 0-1

[Event "16th Capablanca Memorial group A"]
[Site "Cienfuegos CUB"]
[Date "1980.05.20"]
[Round "1"]
[White "Ochoa de Echaguen Estibalez, Francisco Javier"]
[Black "Huertas Soris, Ramon"]
[Result "1/2-1/2"]
[WhiteElo "2410"]
[BlackElo "2295"]
[EventDate "1980.05.20"]
[PlyCount "32"]

1.e4 e5 2.Nf3 Nc6 3.Nc3 g6 4.h4 Nf6 5.Bc4 h6 6.d4 exd4 7.Nxd4 Ne5 8.Be2 d6
9.Bf4 Bd7 10.Qd2 c6 11.Nf3 Nfg4 12.Nxe5 Nxe5 13.O-O-O Be6 14.Bg3 Rb8 15.
Qd4 Qa5 16.f4 Ng4 1/2-1/2

[Event "16th Capablanca Memorial group A"]
[Site "Cienfuegos CUB"]
[Date "1980.05.20"]
[Round "1"]
[White "Pfleger, Helmut"]
[Black "Garcia Gonzales, Guillermo"]
[Result "1/2-1/2"]
[WhiteElo "2525"]
[BlackElo "2505"]
[EventDate "1980.05.20"]
[PlyCount "27"]

1.Nf3 Nf6 2.g3 b5 3.Bg2 Bb7 4.O-O e6 5.a4 b4 6.d3 d5 7.Nbd2 c5 8.Re1 Be7 
9.e4 dxe4 10.Ng5 Nc6 11.Ngxe4 Nxe4 12.Nxe4 Rc8 13.Be3 Nd4 14.Nd6+ 1/2-1/2

[Event "16th Capablanca Memorial group A"]
[Site "Cienfuegos CUB"]
[Date "1980.05.20"]
[Round "1"]
[White "Razuvaev, Yury"]
[Black "Garcia Martinez, Silvino"]
[Result "1/2-1/2"]
[WhiteElo "2515"]
[BlackElo "2450"]
[EventDate "1980.05.20"]
[PlyCount "106"]

1.c4 c5 2.Nf3 Nf6 3.d4 cxd4 4.Nxd4 e6 5.Nc3 Bb4 6.g3 Ne4 7.Qd3 Qa5 8.Nb3 
Qf5 9.Qe3 Nc6 10.Bg2 Nd6 11.c5 Nc4 12.Qd3 Qxd3 13.exd3 N4a5 14.Nxa5 Nxa5 
15.Be3 d6 16.cxd6 Bxd6 17.Nb5 Bb8 18.Rc1 O-O 19.Ke2 Rd8 20.Nd4 Be5 21.b4 
Bxd4 22.bxa5 Rb8 23.Rc7 b6 24.Rxa7 bxa5 25.Bxd4 Rxd4 26.Rxa5 Rd6 27.Ke3 
Ba6 28.Rd1 Rb2 29.Bf1 f5 30.h4 Rc6 31.Rd2 Rb1 32.Be2 Kf7 33.Ra3 Kf6 34.Rb3
Rbc1 35.Rdb2 R6c5 36.Ra3 Rc6 37.Kd2 Ra1 38.Rc2 Rd6 39.Rc1 Rxc1 40.Kxc1 Bb7
41.Kd2 Bd5 42.Ke3 h6 43.h5 Rb6 44.Ra7 Rb1 45.a4 Ra1 46.a5 Ra3 47.Ra6 Ke5 
48.Ra7 Kf6 49.f4 Ra1 50.a6 Rg1 51.Rd7 Rxg3+ 52.Kd4 Rg1 53.a7 Bh1 1/2-1/2

[Event "16th Capablanca Memorial group A"]
[Site "Cienfuegos CUB"]
[Date "1980.05.20"]
[Round "1"]
[White "Rivas Pastor, Manuel"]
[Black "Navarro Segura, Roberto"]
[Result "1-0"]
[WhiteElo "2375"]
[BlackElo "2295"]
[EventDate "1980.05.20"]
[PlyCount "83"]

1.d4 Nf6 2.c4 e6 3.Nf3 d5 4.Nc3 Be7 5.Bg5 O-O 6.e3 Nbd7 7.Rc1 c6 8.Qc2 a6 
9.c5 Re8 10.Bd3 h6 11.Bf4 Nh5 12.O-O Bf6 13.Ne5 Nxf4 14.exf4 Bxe5 15.fxe5 
b6 16.b4 a5 17.b5 Bb7 18.Na4 bxc5 19.Nxc5 Nxc5 20.Qxc5 cxb5 21.Bxb5 Rc8 
22.Qd6 Qxd6 23.exd6 Red8 24.d7 Rxc1 25.Rxc1 Kf8 26.Rc7 Ba8 27.Ra7 Ke7 28.
Rxa5 Rb8 29.f4 Kd8 30.Ba4 Bb7 31.Kf2 Kc7 32.Rc5+ Kd8 33.Ra5 Kc7 34.Ke3 Rd8
35.f5 Kb6 36.Rb5+ Kc7 37.fxe6 fxe6 38.Kf4 Ba6 39.Rc5+ Kb6 40.Rc6+ Kb7 41.
Rxe6 Rf8+ 42.Ke5 1-0

[Event "16th Capablanca Memorial group A"]
[Site "Cienfuegos CUB"]
[Date "1980.05.21"]
[Round "2"]
[White "Fernandez Gonzalez, Juan Carlos"]
[Black "Garcia, Gildardo"]
[Result "1/2-1/2"]
[WhiteElo "2390"]
[BlackElo "2440"]
[EventDate "1980.05.20"]
[PlyCount "115"]

1.d4 Nf6 2.c4 g6 3.Nc3 Bg7 4.e4 d6 5.Nf3 O-O 6.Be2 c5 7.O-O cxd4 8.Nxd4 
Nc6 9.Be3 Bd7 10.Rc1 Rc8 11.f3 Qb6 12.Ncb5 a6 13.Nc2 Qa5 14.Nc3 Ne5 15.Na3
Be6 16.Nd5 Bxd5 17.exd5 Ned7 18.Kh1 Rfe8 19.Nc2 e6 20.dxe6 Rxe6 21.Bd4 
Rce8 22.Bd3 Ne5 23.a3 Bh6 24.Rb1 Nh5 25.Bc3 Qd8 26.g3 Qg5 27.Rf2 Nxd3 28.
Qxd3 Bg7 29.Bxg7 Nxg7 30.Rbf1 Nf5 31.f4 Qg4 32.Nd4 Re3 33.Nxf5 gxf5 34.
Qxd6 h5 35.Qf6 R8e6 36.Qg5+ Rg6 37.Qxg4 hxg4 38.Rd1 Rb6 39.Rd5 Re1+ 40.Kg2
Rc1 41.Rxf5 Rxc4 42.Rg5+ Rg6 43.Rxg6+ fxg6 44.h3 gxh3+ 45.Kxh3 Kf7 46.Rf3 
Kf6 47.Rb3 b5 48.Rc3 Rxc3 49.bxc3 Kf5 50.Kg2 Ke4 51.Kf2 a5 52.Ke2 a4 53.
Kf2 Kd3 54.g4 Kxc3 55.f5 gxf5 56.gxf5 b4 57.f6 b3 58.f7 1/2-1/2

[Event "16th Capablanca Memorial group A"]
[Site "Cienfuegos CUB"]
[Date "1980.05.21"]
[Round "2"]
[White "Huertas Soris, Ramon"]
[Black "Garcia Gonzales, Guillermo"]
[Result "0-1"]
[WhiteElo "2295"]
[BlackElo "2505"]
[EventDate "1980.05.20"]
[PlyCount "98"]

1.d4 Nf6 2.c4 g6 3.Nc3 Bg7 4.e4 d6 5.Nf3 O-O 6.Be2 e5 7.O-O Nbd7 8.Re1 c6 
9.Bf1 a5 10.dxe5 dxe5 11.Na4 b6 12.Qc2 Ba6 13.b3 b5 14.Nb2 Qe7 15.Nd3 Rfc8
16.Bb2 Ne8 17.g3 Nd6 18.c5 Nb7 19.Bh3 b4 20.Rad1 Bxd3 21.Rxd3 Ndxc5 22.Rd2
Rd8 23.Red1 Rxd2 24.Rxd2 f6 25.Ne1 Bh6 26.Rd1 Rd8 27.Nd3 Kf8 28.Bf1 Nxd3 
29.Rxd3 Rxd3 30.Qxd3 Nc5 31.Qc2 Qd6 32.Qc4 Bd2 33.a4 Kg7 34.Be2 h5 35.h4 
Bc3 36.Bxc3 bxc3 37.Qxc3 Nxe4 38.Qe3 Qd4 39.Qf3 f5 40.Ba6 Kf8 41.Bb7 Qc5 
42.Kg2 Ke7 43.Qe2 Qd5 44.Kg1 Kd6 45.Ba6 Qxb3 46.Bc4 Qxa4 47.Bf7 Qd4 48.Qa2
a4 49.Qe6+ Kc7 0-1

[Event "16th Capablanca Memorial group A"]
[Site "Cienfuegos CUB"]
[Date "1980.05.21"]
[Round "2"]
[White "Navarro Segura, Roberto"]
[Black "Pfleger, Helmut"]
[Result "0-1"]
[WhiteElo "2295"]
[BlackElo "2525"]
[EventDate "1980.05.20"]
[PlyCount "117"]

1.e4 d6 2.d4 Nf6 3.Nc3 g6 4.Nf3 Bg7 5.Bg5 Bg4 6.h3 Bxf3 7.Qxf3 Nc6 8.Bb5 
Nd7 9.Bxc6 bxc6 10.Rd1 Rb8 11.b3 O-O 12.O-O c5 13.dxc5 Nxc5 14.Nd5 Re8 15.
Be3 Ne6 16.Bxa7 Ra8 17.Be3 Rxa2 18.Nb4 Ra8 19.Nc6 Qd7 20.e5 Ra6 21.Nb4 Ra5
22.Nc6 Rb5 23.b4 d5 24.c4 Qxc6 25.cxb5 Qxb5 26.Qxd5 Qxb4 27.Rfe1 Rb8 28.
Rb1 Qxb1 29.Rxb1 Rxb1+ 30.Kh2 h5 31.Qa8+ Kh7 32.Qe8 Bxe5+ 33.f4 Bf6 34.
Qxf7+ Ng7 35.g4 Re1 36.Bf2 Re6 37.Kg3 hxg4 38.hxg4 g5 39.f5 Re4 40.Qd5 Ra4
41.Be3 Ra3 42.Kf2 Ra4 43.Kf3 Ra3 44.Kf2 Ra4 45.Qh1+ Kg8 46.Qd1 Ra2+ 47.Kf3
Ra3 48.Ke4 Ne8 49.Qd2 c6 50.Bc5 Rc3 51.Bb4 Rc4+ 52.Kf3 Kf8 53.Qe1 c5 54.
Bd2 Nd6 55.Qe6 Nf7 56.Qc8+ Kg7 57.Ke2 Nd6 58.Qc6 Rxg4 59.Be3 {not complete
} 0-1

[Event "16th Capablanca Memorial group A"]
[Site "Cienfuegos CUB"]
[Date "1980.05.21"]
[Round "2"]
[White "Ochoa de Echaguen Estibalez, Francisco Javier"]
[Black "Razuvaev, Yury"]
[Result "1/2-1/2"]
[WhiteElo "2410"]
[BlackElo "2515"]
[EventDate "1980.05.20"]
[PlyCount "39"]

1.e4 g6 2.d4 Bg7 3.Nf3 d6 4.Be2 Nf6 5.Nbd2 O-O 6.O-O Nc6 7.c3 Re8 8.Re1 e5
9.dxe5 Nxe5 10.Nxe5 Rxe5 11.Bf3 Re8 12.Nb3 Nd7 13.Bf4 Ne5 14.Be2 b6 15.Nd4
a6 16.Bxe5 dxe5 17.Nc2 Be6 18.Ne3 f5 19.Bc4 Bxc4 20.Nxc4 1/2-1/2

[Event "16th Capablanca Memorial group A"]
[Site "Cienfuegos CUB"]
[Date "1980.05.21"]
[Round "2"]
[White "Vera Gonzalez, Reynaldo"]
[Black "Bueno Perez, Lazaro Antonio"]
[Result "1-0"]
[WhiteElo "2400"]
[BlackElo "2340"]
[EventDate "1980.05.20"]
[PlyCount "51"]

1.d4 d5 2.c4 Nc6 3.cxd5 Qxd5 4.Nf3 e5 5.Nc3 Bb4 6.e3 exd4 7.exd4 Bg4 8.Be2
Nf6 9.O-O Qd7 10.d5 Bxf3 11.Bxf3 Ne7 12.Qb3 Bxc3 13.bxc3 Rb8 14.c4 O-O 15.
Bb2 Qf5 16.Ba3 Rfe8 17.d6 cxd6 18.Bxd6 Rbd8 19.c5 Nc8 20.Qxb7 Nxd6 21.cxd6
Rd7 22.Qa6 Qc5 23.Rfd1 Red8 24.Rac1 Qb6 25.Qxb6 axb6 26.Rc6 1-0

[Event "16th Capablanca Memorial group A"]
[Site "Cienfuegos CUB"]
[Date "1980.05.22"]
[Round "3"]
[White "Garcia, Gildardo"]
[Black "Garcia Martinez, Silvino"]
[Result "1-0"]
[WhiteElo "2440"]
[BlackElo "2450"]
[EventDate "1980.05.20"]
[PlyCount "127"]

1.e4 c5 2.Nf3 Nc6 3.d4 cxd4 4.Nxd4 g6 5.Nc3 Bg7 6.Be3 Nf6 7.Bc4 O-O 8.Bb3 
d6 9.h3 Bd7 10.O-O Na5 11.Qe1 a6 12.f4 Nxb3 13.axb3 e6 14.Rd1 Qc7 15.Qh4 
Rfe8 16.Nf3 Bc6 17.e5 dxe5 18.fxe5 Bxf3 19.exf6 Bxd1 20.fxg7 Bxc2 21.Rc1 
Qd8 22.Qxd8 Rexd8 23.Rxc2 Kxg7 24.Ne4 Rac8 25.Rxc8 Rxc8 26.Nd6 Rb8 27.Bf4 
Rd8 28.Nxb7 Rd5 29.b4 e5 30.Bg3 f6 31.Be1 h5 32.h4 Kf7 33.Kf1 Ke7 34.Nc5 
Rd6 35.Ke2 Kf7 36.Bc3 Ke7 37.Ke3 Kf7 38.Ke2 Ke7 39.Ke3 Kf7 40.Ke4 Ke7 41.
Nb7 Rb6 42.Nc5 Kd6 43.Kd3 Kd5 44.Bd2 Rc6 45.Be3 Rb6 46.Kc3 Rc6 47.g3 Rd6 
48.Kb3 Rc6 49.Ka4 g5 50.Ka5 gxh4 51.gxh4 f5 52.Nxa6 f4 53.b5 Rg6 54.Nb4+ 
Kd6 55.Ba7 Kc7 56.Nd3 Kb7 57.Bf2 Rd6 58.Nc5+ Kb8 59.b6 Rd2 60.Be1 Re2 61.
Ka6 Rxb2 62.Bc3 Ra2+ 63.Kb5 Re2 64.Kc6 1-0

[Event "16th Capablanca Memorial group A"]
[Site "Cienfuegos CUB"]
[Date "1980.05.22"]
[Round "3"]
[White "Garcia Gonzales, Guillermo"]
[Black "Navarro Segura, Roberto"]
[Result "1-0"]
[WhiteElo "2505"]
[BlackElo "2295"]
[EventDate "1980.05.20"]
[PlyCount "87"]

1.d4 Nf6 2.c4 e6 3.Nc3 d5 4.Bg5 Be7 5.e3 O-O 6.Nf3 h6 7.Bh4 c6 8.Qc2 Nbd7 
9.cxd5 Nxd5 10.Bxe7 Qxe7 11.Nxd5 exd5 12.Bd3 Nf6 13.O-O Re8 14.Rab1 a5 15.
Rfc1 Bd7 16.Ne5 Be6 17.a3 Nd7 18.Nf3 Bg4 19.Ne1 Rec8 20.a4 c5 21.h3 Be6 
22.Bb5 cxd4 23.Qxc8+ Rxc8 24.Rxc8+ Nf8 25.Re8 Qf6 26.exd4 Qxd4 27.Nf3 Qf6 
28.Rd1 g6 29.Nd4 Kg7 30.b3 Bd7 31.Rxf8 Bxb5 32.Rc8 Bc6 33.Ra8 b6 34.Ra7 
Be8 35.g3 h5 36.h4 Qd6 37.Nf3 Bd7 38.Rd4 f6 39.Rd2 Kh6 40.Rc2 g5 41.Rcc7 
Bf5 42.Nd4 Qe5 43.hxg5+ fxg5 44.Nxf5+ 1-0

[Event "16th Capablanca Memorial group A"]
[Site "Cienfuegos CUB"]
[Date "1980.05.22"]
[Round "3"]
[White "Lebredo Zarragoitia, Gerardo"]
[Black "Ochoa de Echaguen Estibalez, Francisco Javier"]
[Result "1-0"]
[WhiteElo "2355"]
[BlackElo "2410"]
[EventDate "1980.05.20"]
[PlyCount "61"]

1.d4 Nf6 2.c4 c5 3.d5 e6 4.Nc3 exd5 5.cxd5 d6 6.Nf3 g6 7.Bf4 Bg7 8.Qa4+ 
Kf8 9.e4 Nh5 10.Be3 a6 11.Qc2 b5 12.a4 b4 13.Ne2 Nd7 14.Ng3 Nxg3 15.hxg3 
Qe7 16.Bd3 h5 17.Kf1 Bh6 18.Bxh6+ Rxh6 19.Qd2 Rh8 20.Re1 f6 21.e5 f5 22.
Nh4 Kg7 23.exd6 Qxd6 24.Re6 Qxd5 25.Nxf5+ Kf7 26.Nd6+ Kxe6 27.Bc4 Qxc4+ 
28.Nxc4 Ra7 29.Rh4 Nf6 30.Rf4 Kf7 31.Qd5+ 1-0

[Event "16th Capablanca Memorial group A"]
[Site "Cienfuegos CUB"]
[Date "1980.05.22"]
[Round "3"]
[White "Rivas Pastor, Manuel"]
[Black "Vera Gonzalez, Reynaldo"]
[Result "0-1"]
[WhiteElo "2375"]
[BlackElo "2400"]
[EventDate "1980.05.20"]
[PlyCount "112"]

1.d4 d5 2.c4 e6 3.Nc3 c6 4.Nf3 Nf6 5.e3 Nbd7 6.Qc2 Bd6 7.Bd2 O-O 8.O-O-O 
c5 9.Kb1 a6 10.e4 cxd4 11.Nxd4 Be5 12.Be3 Bxd4 13.Rxd4 e5 14.Rxd5 Nxd5 15.
Nxd5 b6 16.Be2 Bb7 17.Rd1 Bxd5 18.exd5 f5 19.f4 exf4 20.Bxf4 Qf6 21.d6 
Rad8 22.Qd2 h6 23.Bf3 Kh7 24.Be3 Rfe8 25.Bd5 Nc5 26.Qf2 Ne4 27.Bxe4 Rxe4 
28.Bxb6 Rxd6 29.Rxd6 Qxd6 30.Qxf5+ Kh8 31.Qc8+ Kh7 32.Qf5+ Kg8 33.Qc8+ Qf8
34.Qxf8+ Kxf8 35.c5 Ke7 36.Bc7 Kd7 37.Bd6 Re2 38.g4 Rg2 39.Bg3 Kc6 40.b4 
a5 41.a3 axb4 42.axb4 Re2 43.Kc1 Re4 44.h3 Re3 45.Bd6 Rxh3 46.Bf8 g6 47.
Kd2 Rh4 48.Ke3 Rxg4 49.Bxh6 Rxb4 50.Bf8 Kd5 51.Bd6 Rc4 52.Kf3 g5 53.Be7 
g4+ 54.Kg3 Ke6 55.Bd6 Kf5 56.Kf2 Rc3 0-1

[Event "16th Capablanca Memorial group A"]
[Site "Cienfuegos CUB"]
[Date "1980.05.23"]
[Round "4"]
[White "Fernandez Gonzalez, Juan Carlos"]
[Black "Rivas Pastor, Manuel"]
[Result "1/2-1/2"]
[WhiteElo "2390"]
[BlackElo "2375"]
[EventDate "1980.05.20"]
[PlyCount "33"]

1.c4 Nf6 2.Nc3 e6 3.Nf3 Bb4 4.Qc2 d5 5.a3 Be7 6.d4 dxc4 7.e3 c5 8.dxc5 
Bxc5 9.Bxc4 Nc6 10.b4 Be7 11.Bb2 O-O 12.O-O Bd7 13.Rfd1 Rc8 14.Qe2 Qc7 15.
Ba2 Rfd8 16.Rac1 Qb8 17.e4 1/2-1/2

[Event "16th Capablanca Memorial group A"]
[Site "Cienfuegos CUB"]
[Date "1980.05.23"]
[Round "4"]
[White "Garcia Martinez, Silvino"]
[Black "Bueno Perez, Lazaro Antonio"]
[Result "1-0"]
[WhiteElo "2450"]
[BlackElo "2340"]
[EventDate "1980.05.20"]
[PlyCount "77"]

1.c4 e5 2.Nc3 Nf6 3.Nf3 Nc6 4.e3 d6 5.d4 g6 6.Be2 Bg7 7.b4 O-O 8.b5 exd4 
9.exd4 Ne7 10.a4 a5 11.O-O b6 12.Ba3 h6 13.Rc1 g5 14.Re1 Ng6 15.g3 Nd7 16.
Qd3 Bb7 17.Nd2 f5 18.Bh5 Ne7 19.Qe3 Nf6 20.Bf3 Bxf3 21.Nxf3 Re8 22.Qe6+ 
Kh8 23.Qf7 Qd7 24.c5 dxc5 25.dxc5 Neg8 26.Qc4 Ne4 27.Nxe4 fxe4 28.Rxe4 Qf5
29.Rce1 Rf8 30.R1e3 Rfd8 31.Qe6 Qxe6 32.Rxe6 bxc5 33.Bxc5 Rd1+ 34.Kg2 Rad8
35.h3 Ra1 36.Ba3 Nf6 37.Bb2 Nd5 38.Re8+ Kh7 39.R3e7 1-0

[Event "16th Capablanca Memorial group A"]
[Site "Cienfuegos CUB"]
[Date "1980.05.23"]
[Round "4"]
[White "Huertas Soris, Ramon"]
[Black "Navarro Segura, Roberto"]
[Result "1/2-1/2"]
[WhiteElo "2295"]
[BlackElo "2295"]
[EventDate "1980.05.20"]
[PlyCount "51"]

1.d4 Nf6 2.c4 e6 3.Nc3 Bb4 4.e3 O-O 5.Bd3 c5 6.Ne2 Nc6 7.O-O cxd4 8.exd4 
d5 9.Bg5 dxc4 10.Bxc4 b6 11.Qa4 Bb7 12.d5 exd5 13.Nxd5 Be7 14.Nxe7+ Qxe7 
15.Nc3 Qe5 16.Bf4 Qa5 17.Qxa5 Nxa5 18.Bd3 Rad8 19.Rad1 Nd5 20.Nxd5 Rxd5 
21.b4 Rfd8 22.Be2 Nc6 23.Rxd5 Rxd5 24.Bf3 Rd7 25.Bxc6 Bxc6 26.Rc1 1/2-1/2

[Event "16th Capablanca Memorial group A"]
[Site "Cienfuegos CUB"]
[Date "1980.05.23"]
[Round "4"]
[White "Ochoa de Echaguen Estibalez, Francisco Javier"]
[Black "Garcia, Gildardo"]
[Result "1-0"]
[WhiteElo "2410"]
[BlackElo "2440"]
[EventDate "1980.05.20"]
[PlyCount "71"]

1.e4 Nf6 2.Nc3 d5 3.exd5 Nxd5 4.g3 Nxc3 5.bxc3 g6 6.Bg2 Bg7 7.Ba3 O-O 8.
Ne2 Qd7 9.O-O Re8 10.Re1 Nc6 11.Rb1 b6 12.Nd4 Bb7 13.Nxc6 Bxc6 14.Bxc6 
Qxc6 15.Bxe7 Qd5 16.Ra1 c5 17.Re3 h5 18.Qe2 Rac8 19.Bxc5 Rxe3 20.Bxe3 Qe4 
21.Qa6 Rc7 22.Qd3 Qc6 23.h4 b5 24.Rb1 a6 25.a4 Rb7 26.axb5 axb5 27.Qd8+ 
Kh7 28.Ra1 Bf6 29.Qa8 Qd7 30.Ra7 Rxa7 31.Qxa7 Qd5 32.Qc5 Qe4 33.Qxb5 Bxh4 
34.Qb4 Qxb4 35.cxb4 Be7 36.b5 1-0

[Event "16th Capablanca Memorial group A"]
[Site "Cienfuegos CUB"]
[Date "1980.05.23"]
[Round "4"]
[White "Razuvaev, Yury"]
[Black "Lebredo Zarragoitia, Gerardo"]
[Result "1-0"]
[WhiteElo "2515"]
[BlackElo "2355"]
[EventDate "1980.05.20"]
[PlyCount "57"]

1.d4 d5 2.c4 dxc4 3.Nf3 Nf6 4.e3 Bg4 5.Nc3 e6 6.h3 Bh5 7.g4 Bg6 8.Ne5 Nbd7
9.Nxg6 hxg6 10.Qf3 c6 11.Bxc4 Bb4 12.Bd2 Qb6 13.Bb3 a5 14.Rd1 g5 15.Kf1 a4
16.Bc4 a3 17.b3 Qa5 18.e4 O-O-O 19.e5 Nxg4 20.Qxg4 Bxc3 21.Bxg5 Rde8 22.h4
c5 23.dxc5 Nxe5 24.Qe4 Qxc5 25.Rc1 Qd4 26.Qc2 Ng4 27.Be3 Nxe3+ 28.fxe3 
Qf6+ 29.Ke2 1-0

[Event "16th Capablanca Memorial group A"]
[Site "Cienfuegos CUB"]
[Date "1980.05.23"]
[Round "4"]
[White "Vera Gonzalez, Reynaldo"]
[Black "Pfleger, Helmut"]
[Result "1/2-1/2"]
[WhiteElo "2400"]
[BlackElo "2525"]
[EventDate "1980.05.20"]
[PlyCount "86"]

1.d4 d6 2.e4 Nf6 3.Nc3 g6 4.f4 Bg7 5.Nf3 O-O 6.Bd3 Na6 7.O-O c5 8.d5 Rb8 
9.Re1 Nc7 10.a4 a6 11.a5 b5 12.axb6 Rxb6 13.Na4 Rb8 14.c4 e6 15.e5 Nfe8 
16.exd6 Nxd6 17.Ne5 Bb7 18.Nxc5 exd5 19.Nxb7 Rxb7 20.cxd5 Ndb5 21.Bxb5 
Rxb5 22.d6 Nd5 23.Rxa6 Rb6 24.Rxb6 Qxb6+ 25.Kh1 Qxd6 26.Qd3 Qb4 27.Bd2 Qb7
28.b4 Rb8 29.Rb1 Qb5 30.Qxb5 Rxb5 31.Nd3 Kf8 32.Kg1 Ke7 33.Kf2 Kd6 34.Kf3 
f5 35.Be3 Nc3 36.Ra1 Rb7 37.Ra5 Nd5 38.Ra6+ Ke7 39.Bc5+ Kf7 40.Rd6 Nc3 41.
Rd8 Ne4 42.Bd4 Ke7 43.Rd5 Ke6 1/2-1/2

[Event "16th Capablanca Memorial group A"]
[Site "Cienfuegos CUB"]
[Date "1980.05.26"]
[Round "5"]
[White "Garcia, Gildardo"]
[Black "Razuvaev, Yury"]
[Result "0-1"]
[WhiteElo "2440"]
[BlackElo "2515"]
[EventDate "1980.05.20"]
[PlyCount "118"]

1.e4 e5 2.Nf3 Nc6 3.Bb5 a6 4.Ba4 Nf6 5.O-O Be7 6.Re1 b5 7.Bb3 d6 8.c3 O-O 
9.h3 Bb7 10.d4 Re8 11.Ng5 Rf8 12.Nf3 Re8 13.Nbd2 Bf8 14.d5 Ne7 15.Nf1 Ng6 
16.Ng3 h6 17.Nf5 c6 18.a4 cxd5 19.exd5 Qd7 20.Ne3 Nf4 21.Nh2 e4 22.Nhg4 
Nh7 23.axb5 axb5 24.Rxa8 Bxa8 25.Nf1 Ng6 26.f3 exf3 27.Rxe8 Qxe8 28.Qxf3 
Bb7 29.Be3 Ng5 30.Bxg5 hxg5 31.Nfe3 Bc8 32.Bc2 Nh4 33.Qf1 Be7 34.g3 Ng6 
35.Bf5 Bb7 36.Bd3 Qa8 37.Be4 b4 38.c4 Bd8 39.Nf5 Bb6+ 40.Kh2 Qf8 41.Qc1 
Qd8 42.Qf1 Qf8 43.Qf3 Bc8 44.Kg2 Bc5 45.b3 Ne7 46.Nf2 Bxf5 47.Bxf5 Qa8 48.
Bc2 Qa1 49.Qd1 Qa2 50.Qe2 g6 51.Bd1 Qa7 52.Ne4 Nf5 53.Nxg5 Ne3+ 54.Kh2 Qa1
55.Bc2 f5 56.Bd3 Ng4+ 57.Kg2 Qg1+ 58.Kf3 Ne5+ 59.Kf4 Qc1+ 0-1

[Event "16th Capablanca Memorial group A"]
[Site "Cienfuegos CUB"]
[Date "1980.05.26"]
[Round "5"]
[White "Garcia Gonzales, Guillermo"]
[Black "Vera Gonzalez, Reynaldo"]
[Result "1/2-1/2"]
[WhiteElo "2505"]
[BlackElo "2400"]
[EventDate "1980.05.20"]
[PlyCount "81"]

1.c4 e6 2.Nf3 d5 3.g3 c5 4.cxd5 exd5 5.d4 Nc6 6.Bg2 Nf6 7.O-O Be7 8.Nc3 
O-O 9.Bg5 c4 10.Ne5 Be6 11.e3 Nd7 12.Nxc6 bxc6 13.Bxe7 Qxe7 14.Qa4 Rab8 
15.Qxc6 Nf6 16.Rab1 Rfd8 17.Rfe1 Qb4 18.f3 Rd6 19.Qa4 Qxa4 20.Nxa4 Bf5 21.
Rbc1 Bd7 22.Nc3 Rxb2 23.Rb1 Rdb6 24.Rxb2 Rxb2 25.Re2 Rxe2 26.Nxe2 Ne8 27.
Kf2 Kf8 28.e4 Nc7 29.Ke3 Ke7 30.Nc3 Be6 31.Bf1 f5 32.e5 Bd7 33.Be2 g5 34.
Bd1 h6 35.Bc2 Kf7 36.Kd2 Ke7 37.f4 g4 38.a4 a5 39.Nd1 Ne6 40.Kc3 Ng7 41.
Ne3 1/2-1/2

[Event "16th Capablanca Memorial group A"]
[Site "Cienfuegos CUB"]
[Date "1980.05.26"]
[Round "5"]
[White "Lebredo Zarragoitia, Gerardo"]
[Black "Huertas Soris, Ramon"]
[Result "1-0"]
[WhiteElo "2355"]
[BlackElo "2295"]
[EventDate "1980.05.20"]
[PlyCount "45"]

1.Nf3 d5 2.g3 Bg4 3.Bg2 c6 4.O-O e6 5.d3 f5 6.c4 Nd7 7.cxd5 exd5 8.Nc3 Qf6
9.Bg5 Qg6 10.Qd2 h6 11.Bf4 Qf6 12.d4 Bd6 13.Ne5 Ne7 14.e4 Bb4 15.exd5 cxd5
16.Nxd7 Kxd7 17.Rac1 Rhc8 18.Rfe1 g5 19.Be5 Qf7 20.Qd3 Bxc3 21.Qb5+ Kd8 
22.Rxc3 Rxc3 23.bxc3 1-0

[Event "16th Capablanca Memorial group A"]
[Site "Cienfuegos CUB"]
[Date "1980.05.27"]
[Round "6"]
[White "Fernandez Gonzalez, Juan Carlos"]
[Black "Garcia Gonzales, Guillermo"]
[Result "1/2-1/2"]
[WhiteElo "2390"]
[BlackElo "2505"]
[EventDate "1980.05.20"]
[PlyCount "65"]

1.c4 e5 2.Nc3 d6 3.d4 exd4 4.Qxd4 Nc6 5.Qd2 g6 6.b3 Bh6 7.e3 f5 8.Bb2 Nf6 
9.g3 Ne5 10.f4 Ned7 11.Bg2 Bg7 12.Nh3 a5 13.Nf2 Nc5 14.Rd1 O-O 15.O-O Bd7 
16.e4 fxe4 17.Ncxe4 Nfxe4 18.Nxe4 Nxe4 19.Bxe4 Bc6 20.Bd5+ Kh8 21.Rfe1 Qd7
22.Be6 Qe7 23.Bd5 Qd7 24.Re2 Bxd5 25.Bxg7+ Qxg7 26.Qxd5 Rae8 27.Rxe8 Rxe8 
28.Qxb7 Qc3 29.Qg2 a4 30.Qd2 Qe3+ 31.Qxe3 Rxe3 32.Kf2 Rc3 33.Re1 1/2-1/2

[Event "16th Capablanca Memorial group A"]
[Site "Cienfuegos CUB"]
[Date "1980.05.27"]
[Round "6"]
[White "Garcia Martinez, Silvino"]
[Black "Pfleger, Helmut"]
[Result "1/2-1/2"]
[WhiteElo "2450"]
[BlackElo "2525"]
[EventDate "1980.05.20"]
[PlyCount "20"]

1.e4 c5 2.Nf3 Nc6 3.d4 cxd4 4.Nxd4 g6 5.c4 Bg7 6.Be3 Nf6 7.Nc3 d6 8.Be2 
O-O 9.O-O Bd7 10.Rc1 a6 1/2-1/2

[Event "16th Capablanca Memorial group A"]
[Site "Cienfuegos CUB"]
[Date "1980.05.27"]
[Round "6"]
[White "Lebredo Zarragoitia, Gerardo"]
[Black "Garcia, Gildardo"]
[Result "0-1"]
[WhiteElo "2355"]
[BlackElo "2440"]
[EventDate "1980.05.20"]
[PlyCount "79"]

1.d4 Nf6 2.Nf3 d5 3.g3 c5 4.Bg2 cxd4 5.O-O Nc6 6.Nxd4 Bd7 7.c4 e5 8.Nxc6 
Bxc6 9.cxd5 Nxd5 10.Qb3 Nb4 11.Bxc6+ bxc6 12.Nc3 Be7 13.a3 Na6 14.Be3 O-O 
15.Qb7 Nc5 16.Qxc6 Rc8 17.Qd5 Qc7 18.b4 Ne6 19.Nb5 Qc2 20.Nxa7 Rcd8 21.Ra2
Qa4 22.Qc6 Qb3 23.Qc2 Qd5 24.Nc6 Rd7 25.Nxe7+ Rxe7 26.Rd1 Qb7 27.Qf5 f6 
28.Qf3 Qc8 29.Qe4 Qe8 30.Qd5 Qf7 31.Rad2 Rfe8 32.b5 h5 33.Qe4 h4 34.b6 g5 
35.gxh4 Qh5 36.hxg5 Rh7 37.Qg2 f5 38.Rd7 f4 39.Bc1 Qxg5 40.Rxh7 {time} 0-1

[Event "16th Capablanca Memorial group A"]
[Site "Cienfuegos CUB"]
[Date "1980.05.27"]
[Round "6"]
[White "Ochoa de Echaguen Estibalez, Francisco Javier"]
[Black "Rivas Pastor, Manuel"]
[Result "1/2-1/2"]
[WhiteElo "2410"]
[BlackElo "2375"]
[EventDate "1980.05.20"]
[PlyCount "20"]

1.e4 g6 2.d4 Bg7 3.Nc3 d6 4.g3 Nf6 5.Bg2 O-O 6.Nge2 e5 7.dxe5 dxe5 8.Bg5 
c6 9.Qxd8 Rxd8 10.h3 Nbd7 1/2-1/2

[Event "16th Capablanca Memorial group A"]
[Site "Cienfuegos CUB"]
[Date "1980.05.27"]
[Round "6"]
[White "Vera Gonzalez, Reynaldo"]
[Black "Navarro Segura, Roberto"]
[Result "1/2-1/2"]
[WhiteElo "2400"]
[BlackElo "2295"]
[EventDate "1980.05.20"]
[PlyCount "83"]

1.d4 Nf6 2.c4 e6 3.Nc3 Bb4 4.Qc2 b6 5.a3 Bxc3+ 6.Qxc3 Ne4 7.Qc2 Bb7 8.e3 
O-O 9.Nh3 d5 10.Bd3 Nd7 11.b4 c5 12.O-O Qe7 13.Rb1 Rab8 14.Nf4 Rfc8 15.
bxc5 bxc5 16.Rxb7 Rxb7 17.cxd5 Nd6 18.dxe6 cxd4 19.exf7+ Qxf7 20.Bxh7+ Kh8
21.Qg6 Qxg6 22.Bxg6 Rbc7 23.Bb2 Nc4 24.Bc1 Nxe3 25.fxe3 Rxc1 26.exd4 Rxf1+
27.Kxf1 Nf8 28.Bf7 Rc7 29.Be8 Re7 30.Bh5 g5 31.Ne2 Re3 32.a4 Kg7 33.Kf2 
Rd3 34.Be8 a6 35.Bc6 Ne6 36.Bb7 a5 37.Ba6 Rd1 38.Ke3 Kf6 39.Bb7 Nf4 40.
Nxf4 gxf4+ 41.Ke4 Rd2 42.g3 {not complete} 1/2-1/2

[Event "16th Capablanca Memorial group A"]
[Site "Cienfuegos CUB"]
[Date "1980.05.28"]
[Round "7"]
[White "Bueno Perez, Lazaro Antonio"]
[Black "Lebredo Zarragoitia, Gerardo"]
[Result "1/2-1/2"]
[WhiteElo "2340"]
[BlackElo "2355"]
[EventDate "1980.05.20"]
[PlyCount "45"]

1.e4 c5 2.c3 e6 3.d4 d5 4.e5 Nc6 5.Nf3 Bd7 6.Be2 cxd4 7.cxd4 Nge7 8.O-O 
Nf5 9.Nc3 Rc8 10.g4 Nh4 11.Nxh4 Qxh4 12.Be3 Na5 13.f3 Nc4 14.Bxc4 Rxc4 15.
Qe2 Rc8 16.Rac1 a6 17.Qf2 Qxf2+ 18.Rxf2 Bb4 19.Rfc2 O-O 20.Ne2 Rxc2 21.
Rxc2 Ba4 22.b3 Bb5 23.Kf2 1/2-1/2